000 00661nam a22002172 4500
001 0000001681
005 20151217151824.0
008 070321s xx 000 0 eng d
020 _a0130863599 :
_cKES 600
040 _aKABU
_cKABU
050 0 _aHD30.28
_b.R67
100 1 _aRosenthal, David.
_@0000150628
245 1 0 _aCases in strategic management /
_cDavid Rosenthal, Lew G. Brown.
260 _aUpper Saddle River, NJ :
_bPrentice Hall,
_c2000.
300 _axiii, 610 p.
650 0 _aStrategic planning.
_@0000150576
700 1 _aBrown, Lew G.
_@0000150629
908 _a070321
950 _@1
999 _c5385
_d5385